Võ sĩ đạo, linh hồn của Nhật Bản

שמור ב:
מידע ביבליוגרפי
מחבר ראשי: Inazo, Nitobe
פורמט: ספר
שפה:Undetermined
יצא לאור: Hà Nội Tri thức 2011
נושאים:
תגים: הוספת תג
אין תגיות, היה/י הראשונ/ה לתייג את הרשומה!
Thư viện lưu trữ: Trung tâm Học liệu Trường Đại học Cần Thơ
LEADER 00526nam a2200181Ia 4500
001 CTU_173053
008 210402s9999 xx 000 0 und d
020 |b 49000 
082 |a 170.952 
082 |b I.35 
100 |a Inazo, Nitobe 
245 0 |a Võ sĩ đạo, linh hồn của Nhật Bản 
245 0 |c Nitobe Inazo; Lê Ngọc Thảo dịch 
260 |a Hà Nội 
260 |b Tri thức 
260 |c 2011 
650 |a Bushido,Võ sĩ đạo 
980 |a Trung tâm Học liệu Trường Đại học Cần Thơ